000 00652nam a22002177a 4500
003 KOHA_MİRAKIL
005 20260408094808.0
008 260408b tu ||||| |||| 00| 0 tur d
020 _a975657447x
040 _aTR-AnABB
_btur
_cTR-AnABB
041 _atur
082 _a338.9561
_bKAR 2005
100 1 _aKarabulut, Kerem
245 1 0 _aDoğu'da yakalanan kalkınma fırsatı: ticaret /
_cKerem Karabulut
260 _aİstanbul :
_bNobel Yayınları,
_c2005
300 _a206 sayfa ;
_c20 cm
650 0 4 _aEkonomik kalkınma
650 0 4 _aEkonomik kalkınma, Türkiye
900 _bCan ÇELIK
942 _2ddc
_cBK
999 _c10180
_d10180